LIBRARY & INFORMATION CENTRE, KCAET, TAVANUR

ONLINE PUBLIC ACCESS CATALOGUE (OPAC)

System simulation in water resources,Part l, ll ,lll,lV,V / (Record no. 2724)

MARC details
000 -LEADER
fixed length control field 00435cam a2200157ua 4500
003 - CONTROL NUMBER IDENTIFIER
control field OSt
008 - FIXED-LENGTH DATA ELEMENTS--GENERAL INFORMATION
fixed length control field 250812b |||||||| |||| 00| 0 eng d
020 ## - INTERNATIONAL STANDARD BOOK NUMBER
ISBN 0444 11093 3
041 ## - LANGUAGE CODE
Language code of text/sound track or separate title eng
082 ## - DEWEY DECIMAL CLASSIFICATION NUMBER
Classification number 627.01
Item number VAN/ST
100 ## - MAIN ENTRY--AUTHOR NAME
Personal name Vansteenkiste, G C .
245 ## - TITLE STATEMENT
Title System simulation in water resources,Part l, ll ,lll,lV,V /
260 ## - PUBLICATION, DISTRIBUTION, ETC. (IMPRINT)
Place of publication Newyork :
Name of publisher North Holland publishing co. ,
Year of publication 1976.
300 ## - PHYSICAL DESCRIPTION
Number of Pages 417 ; .
942 ## - ADDED ENTRY ELEMENTS (KOHA)
Koha item type Books
Holdings
Withdrawn status Lost status Damaged status Home library Current library Date acquired Full call number Accession Number Koha item type
      KAUAET KAUAET 07/04/2012 627.01 VAN/ST 17854 Books
free website counter